000 01209cam a2200289 4500
008 090401t1998 xxu||||| |||| 00| 0 eng d
020 _a0419230904
035 _a(Sirsi) u83567
041 _aeng
050 _a333.73
245 _aContaminated land: problems and solutions.
250 _a2nd ed.
260 _aLondon
_bE & F N Spon
_c1998
300 _axvi,369p. ; 24cm.
350 _a95
520 _aContaminated land is a problem both in the short and long term as it cannot be used without remediation. The investigation and analysis of the problem, along with the legal responsibilities surrounding the issues, continue to present difficulties to those wishing to use or develop a contaminated site. Since publication of the 1st edition, the area has developed rapidly. Building on the success of the first edition, the new edition has been fully updated to take account of advances in the field.
650 _aCONTAMINATED LAND
650 _aIN-GROUND BARRIERS
650 _aLAND RECLAMATION
650 _aLANDSCAPING
650 _aSITE INVESTIGATIONS
690 _aLAND
700 _aCairney, T.
_xEditor
700 _aHobson, D.M.
_xEditor
942 _n0
948 _c05/02/1998
999 _c96908
_d96908